| 000 | 00353nam a2200133Ia 4500 | ||
|---|---|---|---|
| 008 | 240624s9999 xx 000 0 und d | ||
| 041 | _aeng | ||
| 082 | _a158.7 STE | ||
| 100 | _aSTEYAERT CHRIS | ||
| 245 | _aGUIDE TO DISCURSIVE ORGANIZATIONAL PSYCH | ||
| 260 |
_c2016 _aUnited Kingdom _bEdward Elgar |
||
| 300 | _axv, 346 p.; 23 cm. | ||
| 365 |
_cBPS _b25 |
||
| 999 |
_c32005 _d32005 |
||